[Event "2nd Charlotte Masters 2021"]
[Site "Charlotte"]
[Date "2021.04.12"]
[Round "6.3"]
[White "Mardov, Dimitar"]
[Black "Liang, Jason"]
[Result "1-0"]
[WhiteElo "2312"]
[BlackElo "2351"]
[Annotator "RC"]
[PlyCount "181"]
[EventDate "2021.04.09"]
[EventType "swiss"]
[EventCountry "USA"]
[SourceTitle "playchess.com"]
[Source "ChessBase"]
[SourceQuality "1"]
[TimeControl "5400+30"]

1. d4 {[%emt 0:00:07]} d5 {[%emt 0:04:51]} 2. c4 {[%emt 0:00:39]} c6 {[%emt 0:00:09]} 3. cxd5 {[%emt 0:01:24]} cxd5 {[%emt 0:00:08]} 4. Nf3 {[%emt 0:00:47]} Nf6 {[%emt 0:00:14]} 5. Nc3 {[%emt 0:00:20]} Nc6 {[%emt 0:00:08]} 6. Bf4 {[%emt 0:02:26]} a6 {[%emt 0:00:10]} 7. e3 {[%emt 0:02:16]} Bg4 {[%emt 0:01:23]} 8. Be2 {[%emt 0:03:14]} e6 {[%emt 0:06:29]} 9. a3 {[%emt 0:06:47]} Bd6 {[%emt 0:02:04]} 10. Bxd6 {[%emt 0:00:49]} Qxd6 {[%emt 0:00:09]} 11. Nd2 {[%emt 0:02:38]} Bxe2 {[%emt 0:01:56]} 12. Qxe2 {[%emt 0:03:13]} O-O {[%emt 0:01:54]} 13. O-O {[%emt 0:00:45]} Rfc8 {[%emt 0:03:32]} 14. Rfc1 {[%emt 0:01:26]} Rc7 {[%emt 0:01:22]} 15. Na4 {[%emt 0:05:07]} Rac8 {[%emt 0:02:46]} 16. Nb3 {[%emt 0:01:33]} e5 {[%emt 0:09:10]} 17. Qd1 {[%emt 0:11:17]} h5 {[%emt 0:09:53]} 18. h3 {[%emt 0:01:31]} g6 {[%emt 0:05:37]} 19. Rc2 {[%emt 0:09:39]} exd4 {[%emt 0:01:02]} 20. exd4 {[%emt 0:04:01]} Re8 {[%emt 0:07:21]} 21. Re2 {[%emt 0:03:02]} Rxe2 {[%emt 0:03:53]} 22. Qxe2 {[%emt 0:00:08]} Re7 {[%emt 0:00:26]} 23. Qf3 {[%emt 0:02:11]} Kg7 {[%emt 0:04:04]} 24. Rd1 {[%emt 0:01:24]} Ne4 {[%emt 0:01:20]} 25. Nc3 {[%emt 0:02:38]} h4 {[%emt 0:01:30]} 26. Nc5 {[%emt 0:06:09]} Nf6 {[%emt 0:11:11]} 27. Nb3 {[%emt 0:02:38]} Nd8 {[%emt 0:02:36]} 28. Nd2 {[%emt 0:01:28]} Re6 {[%emt 0:01:36]} 29. Nf1 {[%emt 0:01:33]} Nc6 {[%emt 0:01:11]} 30. Ne3 {[%emt 0:00:33]} Ne7 {[%emt 0:00:25]} 31. Rd2 {[%emt 0:04:58]} Ne4 {[%emt 0:01:36]} 32. Rc2 {[%emt 0:01:44]} f5 {[%emt 0:02:04]} 33. Ne2 {[%emt 0:02:11]} Nf6 {[%emt 0:01:43]} 34. Rc1 {[%emt 0:02:34]} Re4 {[%emt 0:00:58]} 35. Rd1 {[%emt 0:00:46]} Nc6 {[%emt 0:01:54]} 36. Nc2 {[%emt 0:00:19]} Re7 {[%emt 0:01:26]} 37. Ne3 {[%emt 0:00:59]} Re4 {[%emt 0:01:16]} 38. Nc2 {[%emt 0:00:11]} Ne7 {[%emt 0:01:44]} 39. Re1 {[%emt 0:02:00]} g5 {[%emt 0:01:47]} 40. Nc3 {[%emt 0:00:58]} Rxe1+ {[%emt 0:00:44]} 41. Nxe1 {[%emt 0:00:05]} Ne4 {[%emt 0:04:30]} 42. Qe3 {[%emt 0:00:41]} Qf6 {[%emt 0:01:16]} 43. Nf3 {[%emt 0:01:43]} f4 {[%emt 0:00:50]} 44. Qe2 {[%emt 0:00:50]} Qf5 {[%emt 0:01:02]} 45. Nd2 {[%emt 0:00:50]} Nc6 {[%emt 0:00:14]} 46. Ndxe4 {[%emt 0:01:19]} dxe4 {[%emt 0:00:01]} 47. d5 {[%emt 0:00:58]} Ne5 {[%emt 0:00:51]} 48. Qxe4 {[%emt 0:02:01]} Qxe4 {[%emt 0:00:43]} 49. Nxe4 {[%emt 0:00:04]} Kg6 {[%emt 0:00:32]} 50. Nc5 {[%emt 0:03:10]} Nc4 {[%emt 0:00:23]} 51. Nxb7 {[%emt 0:00:41]} Kf6 {[%emt 0:00:15]} 52. Nc5 {[%emt 0:01:30]} Ke5 {[%emt 0:00:46]} 53. Nxa6 {[%emt 0:01:03]} Nxb2 {[%emt 0:00:01]} 54. Nc7 {[%emt 0:01:55]} Nc4 {[%emt 0:00:38]} 55. a4 {[%emt 0:00:21]} Kd6 {[%emt 0:01:08]} 56. Ne6 {[%emt 0:00:18]} Nb6 {[%emt 0:00:12]} 57. a5 {[%emt 0:00:42]} Nxd5 {[%emt 0:00:07]} 58. Nxg5 {[%emt 0:00:10]} Kc5 {[%emt 0:00:07]} 59. Nf3 {[%emt 0:00:39]} Kb5 {[%emt 0:00:04]} 60. Nxh4 {[%emt 0:00:05]} Kxa5 {[%emt 0:00:03]} 61. Kf1 {[%emt 0:00:29]} Kb5 {[%emt 0:00:08]} 62. Ke2 {[%emt 0:00:12]} Kc5 {[%emt 0:00:13]} 63. Kf3 {[%emt 0:00:07]} Kd6 {[%emt 0:03:44]} 64. Ng6 {[%emt 0:00:05]} Nf6 {[%emt 0:00:00]} 65. Nxf4 {[%emt 0:00:09]} Ke5 {[%emt 0:00:00]} 66. Nd3+ {[%emt 0:00:14]} Kd4 {[%emt 0:00:00]} 67. Nc1 {[%emt 0:00:13]} Ke5 {[%emt 0:00:00]} 68. Ne2 {[%emt 0:00:13]} Ne4 {[%emt 0:00:00]} 69. g4 {[%emt 0:00:24]} Ng5+ {[%emt 0:00:00]} 70. Kg2 {[%emt 0:00:14]} Ke4 {[%emt 0:00:00]} 71. Kg3 {[%emt 0:00:10]} Kd3 {[%emt 0:00:00]} 72. Ng1 {[%emt 0:00:47]} Ke4 {[%emt 0:00:00]} 73. h4 {[%emt 0:00:10]} Ne6 {[%emt 0:00:00]} 74. Nh3 {[%emt 0:00:17]} Nd4 {[%emt 0:00:00]} 75. Ng5+ {[%emt 0:00:04]} Kd5 {[%emt 0:00:00]} 76. Kf4 {[%emt 0:00:29]} Kd6 {[%emt 0:00:00]} 77. Ke4 {[%emt 0:00:23]} Nc6 {[%emt 0:00:00]} 78. f4 {[%emt 0:00:22]} Ke7 {[%emt 0:00:00]} 79. Nf3 {[%emt 0:00:10]} Kf6 {[%emt 0:00:00]} 80. h5 {[%emt 0:00:12]} Kg7 {[%emt 0:00:00]} 81. Nd4 {[%emt 0:00:08]} Nd8 {[%emt 0:00:00]} 82. g5 {[%emt 0:00:07]} Nf7 {[%emt 0:00:00]} 83. Kd5 {[%emt 0:00:08]} Kh8 {[%emt 0:00:00]} 84. Nf5 {[%emt 0:00:15]} Nd8 {[%emt 0:00:00]} 85. Nd6 {[%emt 0:00:21]} Kg7 {[%emt 0:00:00]} 86. f5 {[%emt 0:00:04]} Kh8 {[%emt 0:00:00]} 87. f6 {[%emt 0:00:08]} Kg8 {[%emt 0:00:00]} 88. g6 {[%emt 0:00:08]} Kh8 {[%emt 0:00:06]} 89. Nf7+ {[%emt 0:00:20]} Nxf7 {[%emt 0:00:09]} 90. gxf7 {[%emt 0:00:05]} Kh7 {[%emt 0:00:05]} 91. Ke6 {[%emt 0:00:05]} 1-0

[Event "2nd Charlotte Masters 2021"]
[Site "Charlotte"]
[Date "2021.04.12"]
[Round "6.4"]
[White "Oberoi, Shelev"]
[Black "Wu, Rochelle"]
[Result "0-1"]
[WhiteElo "2229"]
[BlackElo "2132"]
[Annotator "TA"]
[PlyCount "136"]
[EventDate "2021.04.09"]
[EventType "swiss"]
[EventCountry "USA"]
[SourceTitle "playchess.com"]
[Source "ChessBase"]
[SourceQuality "1"]

{[%evp 10,136,24,36,39,0,0,-8,0,-164,-173,-262,-259,-334,-308,-313,-145,-140,-142,-255,-250,-155,-95,-116,-66,-129,0,0,0,0,33,26,31,8,230,0,159,0,364,0,0,0,0,0,15,0,0,-308,0,-126,-129,-135,-149,-324,-142,-95,0,-66,-79,-77,-47,-47,-47,-47,-47,-47,-43,-73,-39,-81,-76,-77,-70,-87,-39,-51,-54,-92,-95,-104,-93,-92,0,-158,-160,-329,-323,-357,-358,-357,-353,-335,-347,-306,-216,-216,-216,-380,-216,-343,-216,-405,-216,-81,0,-507,-500,-1089,-1020,-29970,-29971,-29971,-29972,-29972,-29972,-29961,-5103,-29968,-29969,-29981,-29982,-29982,-29983,-29983,-29984,-29984,-29985,-29985,-29986]} 1. e4 c5 2. c3 d5 3. exd5 Qxd5 4. Nf3 Nc6 {[%cal Bb8c6,Bc6b4,Bb4c2,Bc2a1][%mdl 32]} 5. d4 Bf5 6. Be3 Nf6 {6...cxd4 deserves study. B22: Sicilian: 2 c3.} 7. c4 Qd7 {White must now prevent ...cxd4.} 8. d5 Nb4 {[#] The position is equal.} 9. Nc3 $146 (9. Ne5 $11 Qd6 10. Nd3 (10. Qa4+ Nd7 $17)) ({Predecessor:} 9. Na3 e6 10. Ne5 Qc7 11. Qa4+ Nd7 12. d6 Bxd6 13. Nb5 Nc2+ 14. Ke2 Bxe5 15. Nxc7+ Bxc7 {0-1 (32) Katkov,M (2078)-Moiseenko,A (2620) Tornelo INT 2021}) 9... Nc2+ $19 {[%mdl 64] Double Attack} 10. Ke2 (10. Kd2 $142) 10... Nxa1 11. Ne5 Qc7 12. Qa4+ Bd7 (12... Nd7 $19 {has better winning chances.} 13. g4 b5 $1 14. cxb5 Qxe5 15. gxf5 Nb6) 13. Nxd7 $17 Qxd7 14. Nb5 (14. Qxd7+ $17 {was called for.} Kxd7 15. Kd2) 14... Rc8 $19 15. g3 Kd8 (15... g5 $142 16. Bxg5 Ne4) 16. h4 $17 {next Bh3 is good for White.} Qg4+ 17. f3 (17. Kd2 $15) 17... Qg6 (17... Qxg3 $17 18. Nxa7 e6 19. Nxc8 Kxc8) 18. Qa5+ $11 b6 19. Qxa7 Qc2+ (19... Nh5 $5 {[%cal Rh5g3]} 20. Kd2 Qf6 $11) 20. Ke1 Nd7 ({But not} 20... Qxb2 $2 21. Qxb6+ Ke8 22. Nc7+ Rxc7 23. Qxb2 $18) 21. Bf4 {And now Qb7 would win.} Qxb2 $2 (21... e5 $11 22. dxe6 fxe6) 22. Bd3 $2 (22. Bh3 $18 {[%csl Gh3][%cal Ra7d7]} Ne5 23. Qxb6+ Ke8 24. Nc7+ {[%mdl 64] Discovered Attack} Rxc7 25. Qxb2 Nd3+ 26. Ke2 Nxb2 27. Bxc7) 22... e6 $2 (22... Nc2+ $11 23. Kf1 Nb4) 23. Kf1 $2 (23. Kd1 $1 $16) 23... Be7 $2 {[%mdl 8192]} (23... Nc2 $11 24. Qb7 Qb1+ 25. Kg2 Ne3+ $1 {[%mdl 64] Discovered Attack} 26. Bxe3 Qxa2+ 27. Kh3 Qa8 28. Qxa8 Rxa8) 24. Bc7+ $2 ({White must play} 24. Qb7 $18 Nb3 25. Na7 Qa1+ 26. Kg2 Qxa2+ 27. Kh3 Qxa7 28. Qxa7) 24... Ke8 25. Qb7 Rd8 26. Bxd8 {White wants to mate with Nd6+!} Bxd8 27. Nd6+ Ke7 28. Nxf7 {[%mdl 8192] [#]} Qc1+ $2 (28... Nc2 $1 $19 {[%mdl 512]} 29. dxe6 {[%mdl 64] Pin} (29. Nxh8 Qc1+) 29... Qc1+ 30. Kg2 Qd2+ {[%mdl 64] Double Attack} 31. Kh3 Qxd3) 29. Kg2 (29. Ke2 $11 Qb2+ 30. Kd1) 29... Qd2+ $17 {[%mdl 64] Double Attack} 30. Kh3 {Threatens to win with Ne5.} Qxd3 {[%mdl 64] Double Attack} 31. dxe6 $2 (31. Re1 $17 Qf5+ {[%mdl 64] Double Attack} 32. Kg2 Qxf7 33. dxe6 Qxe6 34. Rxe6+ Kxe6 35. Qd5+ Ke7 36. Qd1) 31... Rf8 (31... Nc2 $19 {Strongly threatening ...Rf8.} 32. Nxh8 Qf5+ 33. g4 Qxe6) 32. Re1 Rxf7 (32... Nc2 $17 33. Ne5 {[%mdl 64] Pin} Qd6 {[%mdl 64] Double Attack}) 33. exf7+ ({White should play} 33. exd7+ $11 Kd6 34. Qb8+ Kxd7 35. Qa7+ Bc7 36. Qa4+ Kd6 37. Rd1 Rxf3 38. Rxd3+ Rxd3 39. Qe8) 33... Kxf7 $15 {Hoping for ...Nc2.} 34. Rxa1 Qd6 35. Re1 Bc7 {[%csl Gc7][%cal Rd6g3]} 36. f4 Nf6 37. Qc8 h5 38. Qf5 Qc6 (38... g6 {with more complications.} 39. Qc8 Bd8 40. Qb7+ Kf8 41. Qf3 Qd7+) 39. Qd3 Bd6 40. Qe2 Qd7+ 41. Kg2 Qf5 42. Rd1 Be7 43. Qd3 Qe6 44. Rd2 Qc6+ 45. Qf3 Qe6 (45... Qe4 $17 46. Qxe4 Nxe4) 46. Rc2 $2 (46. Qd3 $1 $11) 46... Ng4 $17 {...Ne3+ is the strong threat.} 47. Re2 (47. f5 $17 Qd7 48. Re2) 47... Qxc4 $19 48. Qb3 Qxb3 49. axb3 b5 50. Kf3 Bf6 51. Ra2 {intending Ra5.} c4 52. bxc4 bxc4 53. Ke4 $2 (53. Ra5 g6 54. Ra4) 53... Kg6 (53... c3 $142 54. Kd3 Ke6 55. Ra6+ Kd7) 54. Ra5 (54. Ra4 {is the only way for White.} c3 55. Ra2) 54... c3 55. Rc5 $2 (55. Ra1 {keeps fighting.}) 55... Nf2+ (55... Nh2 $142 56. f5+ Kf7) 56. Ke3 Ng4+ (56... Nd1+ $17 57. Kd3 Nf2+ 58. Ke3 Ng4+ 59. Kf3 Nf2 $1 60. Ke3 (60. f5+ $2 Kh7 $19)) 57. Ke2 $2 {[%mdl 8192]} (57. Ke4 $1 $11 {and White is okay.}) 57... Nh6 58. Kd3 (58. Kf3 $142 Nf5 59. Rc7) 58... Nf5 59. g4 hxg4 60. h5+ Kxh5 61. Rxf5+ {[%mdl 4096] Endgame KR-KB} Kh4 62. Ke2 Kg3 (62... g3 $142 63. Kf3 g2 {[%mdl 64] Promotion} 64. Kxg2 Be7 65. Ra5 c2 66. Ra1 {[#]} Ba3 $1 {[%mdl 576] Deflection, Promotion} 67. Rxa3 c1=Q {[%mdl 64] Double Attack} 68. Rf3 Qc6 69. Kf2 Qc5+ 70. Ke2 Kg4 71. Rf2 Qb5+ 72. Ke3 Qb3+ 73. Kd2 Kg3 74. Re2 Kf3 75. Re1 Qb4+ 76. Kd1 Kxf4 77. Ke2 Qc4+ 78. Kd2 Qd4+ 79. Kc2 Qf2+ 80. Kd1 Qb2 81. Re2 Qb3+ 82. Kc1 Qe3+ $3 {[%mdl 512]} 83. Rxe3 Kxe3 84. Kd1 Kf2 85. Kc2 g5 86. Kd2 g4 87. Kc3 g3 88. Kd3 g2 89. Ke4 g1=Q 90. Ke5 Kf3 91. Ke6 Qc5 92. Kf6 Qd6+ 93. Kg7 Ke4 94. Kh8 Kf5 95. Kh7 Qc7+ 96. Kg8 Kg6 97. Kh8 Qh7#) 63. Rd5 Kxf4 {Black mates.} 64. Kf1 Ke3 65. Kg2 c2 66. Rc5 Kd3 67. Rxc2 Kxc2 68. Kg3 Kd3 {What a fight!  Weighted Error Value: White=0.94/Black=0.59} 0-1